000 00715cam a22002411 4500
001 sa 67001317
003 DLC
005 20260227112321.0
008 870413s1966 ii ac 000 0 hin
010 _asa 67001317
035 _a(OCoLC)15525798
040 _aDLC
_cNRU
_dNRU
_dDLC
042 _apremarc
043 _aa-ii---
_aa-pk---
050 0 0 _aDS384
_b.N3
100 1 _aNārāyaṇa, Harendradeva,
_d1917-
245 1 0 _aBhāratīya javānoṃ kī lalakāra.
_c[Lekhaka] Harendradeva Nārāyaṇa.
250 _a[1. saṃskaraṇa]
260 _a[Patanā,
_bDibyāloka-Prakāśana,
_c1966]
300 _a160 p.
_billus., ports.
_c23 cm.
500 _aIn Hindi.
650 0 _aIndia-Pakistan Conflict, 1965.
999 _c72535
_d72535